|
|
|
|
| LEADER |
00000nam2a2200000 4500 |
| 001 |
234886 |
| 005 |
20231101231346.0 |
| 010 |
|
|
|a 5239007136
|
| 035 |
|
|
|a (RuTPU)RU\TPU\book\256015
|
| 035 |
|
|
|a RU\TPU\book\256010
|
| 090 |
|
|
|a 234886
|
| 100 |
|
|
|a 20130401g1989 m y0rusy5003 ca
|
| 101 |
0 |
|
|a rus
|
| 102 |
|
|
|a RU
|
| 105 |
|
|
|a c z 000ay
|
| 200 |
0 |
|
|a Кн. 2
|
| 210 |
|
|
|d 1989
|
| 215 |
|
|
|a 480 с.
|c портр.
|
| 461 |
|
1 |
|0 (RuTPU)RU\TPU\book\152229
|y 5-239-00700-4
|t Сандро из Чегема
|o роман в 3 кн.
|f Ф. А. Искандер
|v Кн. 2
|d 1989
|
| 606 |
1 |
|
|a Русская литература современная
|2 stltpush
|3 (RuTPU)RU\TPU\subj\26373
|9 50316
|
| 610 |
1 |
|
|a советская литература
|
| 610 |
1 |
|
|a Абхазия
|
| 610 |
1 |
|
|a романы
|
| 675 |
|
|
|a Р2
|v 3
|
| 801 |
|
0 |
|a RU
|b 63413507
|c 19950417
|g psbo
|
| 801 |
|
1 |
|a RU
|b 63413507
|c 20080610
|g PSBO
|
| 801 |
|
2 |
|a RU
|b 63413507
|c 20220112
|g PSBO
|
| 942 |
|
|
|c BK
|